000 00692nam a2200253 a 4500
001 adlib96000001
003 ViArRB
005 200902210153555.7
008 960221s1955 dcuabcdjdbkoqu001 0deng d
020 _a
022 _a
040 _aAdlib
082 _a594.1
245 _aStudies on the calm meretrix casta(chemmitz), off Cochin barmudth
250 _a
260 _aCochin
_bDept of Marine Sciences
_c1977
300 _a176p
_c
500 _a
100 _aMohammed Salih, K V
_e
700 _a
_a
942 _cREF
653 _ameretrix casta
_achemmitz
952 _w2010-06-16
_pG0001899
_r2010-06-16
_40
_00
_bUL
_10
_o594.1 MOH T
_d2010-06-16
_70
_yREF
_aUL
999 _c17364
_d17363